[Event "Brno Duras op-B"]
[Site "Brno"]
[Date "2012.06.25"]
[Round "4"]
[White "Macek, Lukas"]
[Black "Fuchs, Stanislav"]
[Result "0-1"]
[WhiteElo "1428"]
[BlackElo "1974"]
[PlyCount "109"]
[EventDate "2012.06.23"]
[EventType "tourn"]
[EventRounds "9"]
[EventCountry "CZE"]
[SourceTitle "CBM 149 Extra"]
[Source "ChessBase"]
[SourceDate "2012.08.24"]
[SourceVersion "1"]
[SourceVersionDate "2012.08.24"]
[SourceQuality "1"]

1. e4 e6 2. d4 d5 3. exd5 exd5 4. Bb5+ c6 5. Bd3 Bd6 6. Nc3 Qc7 7. Nf3 Bg4 8. h3 Bh5 9. Qe2+ Ne7 10. g4 Bg6 11. Bxg6 hxg6 12. Ne5 Nd7 13. f4 Rf8 14. Bd2 0-0-0 15. Qf3 Nb6 16. 0-0-0 f6 17. Nd3 Nc4 18. Be1 Rde8 19. Bf2 Kb8 20. Nc5 Bxf4+ 21. Kb1 Nc8 22. Nd7+ Ka8 23. Nxf8 Nd2+ 24. Rxd2 Bxd2 25. Nxg6 Qa5 26. Rd1 Bh6 27. Re1 Rd8 28. Be3 Re8 29. Re2 Bxe3 30. Rxe3 Rd8 31. Ne7 Nd6 32. Qe2 Nc4 33. Rf3 Qb6 34. b3 Na3+ 35. Kb2 Nc4+ 36. Kc1 Nd6 37. Qd2 a5 38. Nf5 Nb5 39. Nxb5 Qxb5 40. a4 Qa6 41. Qd3 b5 42. Nxg7 Qb7 43. Ne6 Re8 44. Rxf6 Qe7 45. Qg6 Rc8 46. h4 bxa4 47. bxa4 Qa3+ 48. Kd2 Qb4+ 49. Ke3 Qe1+ 50. Kf4 Qf2+ 51. Ke5 Qe3+ 52. Kd6 Qa3+ 53. Nc5 Qg3+ 54. Ke7 Qc7+ 55. Nd7 0-1

[Event "Brno Petria-B"]
[Site "Brno"]
[Date "2004.03.18"]
[Round "7"]
[White "Fuchs, Stanislav"]
[Black "Horak, Milos"]
[Result "0-1"]
[WhiteElo "1902"]
[BlackElo "1658"]
[PlyCount "90"]
[EventDate "2004.02.24"]
[EventType "tourn"]
[EventRounds "9"]
[EventCountry "CZE"]
[SourceTitle "EXT 2006"]
[Source "ChessBase"]
[SourceDate "2005.11.24"]
[SourceVersion "1"]
[SourceVersionDate "2005.11.24"]
[SourceQuality "1"]

1. d4 d5 2. c4 c6 3. Nc3 g6 4. Bf4 Bh6 5. Qd2 Bxf4 6. Qxf4 Nf6 7. Nf3 Nbd7 8. e4 dxe4 9. Nxe4 Nxe4 10. Qxe4 Nf6 11. Qf4 Qa5+ 12. Qd2 Qxd2+ 13. Nxd2 Bf5 14. f3 h5 15. 0-0-0 0-0-0 16. Nb3 Be6 17. Nc5 Bf5 18. Be2 b6 19. Rhe1 bxc5 20. dxc5 Rxd1+ 21. Rxd1 Rd8 22. Rxd8+ Kxd8 23. Kd2 a5 24. a3 Kc7 25. Kc3 e5 26. h4 Nd7 27. b4 e4 28. f4 Bg4 29. Bf1 a4 30. g3 Bd1 31. Bg2 Nf6 32. Kd2 Bf3 33. Bh3 Kb7 34. Ke3 Bd1 35. Kd2 Bb3 36. Bf1 Ng4 37. Be2 Nf2 38. Ke3 Nh1 39. Bf3 exf3 40. Kxf3 Bxc4 41. Kg2 Bd5+ 42. Kh2 Nf2 43. Kg1 Ne4 44. Kh2 Nd2 45. Kg1 Ka6 0-1

[Event "Olexa Memorial op-A"]
[Site "Brno"]
[Date "2001.12.30"]
[Round "8.7"]
[White "Fuchs, Stanislav"]
[Black "Sysel, Michal"]
[Result "1-0"]
[WhiteElo "2005"]
[BlackElo "1901"]
[PlyCount "33"]
[EventDate "2001.12.25"]
[EventType "swiss"]
[EventRounds "9"]
[EventCountry "CZE"]
[SourceTitle "EXT 2003"]
[Source "ChessBase"]
[SourceDate "2002.11.25"]
[SourceVersion "1"]
[SourceVersionDate "2002.11.25"]
[SourceQuality "1"]

1. e4 e5 2. Nc3 Nf6 3. f4 d5 4. fxe5 Nxe4 5. d3 Qh4+ 6. g3 Nxg3 7. Nf3 Qh5 8. Nxd5 Bg4 9. Bg2 Bxf3 10. Qxf3 Qxe5+ 11. Kd1 Nxh1 12. Bf4 Nf2+ 13. Qxf2 Qxb2 14. Qe3+ Kd7 15. Be5 Qa3 16. Qh3+ Kc6 17. Nxc7+ 1-0

[Event "Olexa Memorial op-A"]
[Site "Brno"]
[Date "2001.12.26"]
[Round "3.8"]
[White "Lamser, Miroslav"]
[Black "Fuchs, Stanislav"]
[Result "1/2-1/2"]
[WhiteElo "2053"]
[BlackElo "2005"]
[PlyCount "71"]
[EventDate "2001.12.25"]
[EventType "swiss"]
[EventRounds "9"]
[EventCountry "CZE"]
[SourceTitle "EXT 2003"]
[Source "ChessBase"]
[SourceDate "2002.11.25"]
[SourceVersion "1"]
[SourceVersionDate "2002.11.25"]
[SourceQuality "1"]

1. d4 d5 2. c4 e6 3. Nc3 Nf6 4. Nf3 c6 5. e3 Nbd7 6. Bd3 Bd6 7. 0-0 0-0 8. Bd2 a6 9. a4 dxc4 10. Bxc4 c5 11. Qe2 cxd4 12. exd4 Nb6 13. Ba2 Bd7 14. Bb1 g6 15. Bg5 Be7 16. Ne5 Rc8 17. Qf3 Bc6 18. Nxc6 Rxc6 19. Ne4 Nxe4 20. Bxe7 Qxe7 21. Bxe4 Rc7 22. b3 Rfc8 23. Rae1 Qd7 24. h4 Rc3 25. Re3 Qxd4 26. h5 Nd5 27. Bxd5 exd5 28. Rfe1 Kg7 29. h6+ Kxh6 30. Qxf7 Rxe3 31. Rxe3 Rc3 32. Qf8+ Kg5 33. Qe7+ Kh6 34. Qf8+ Kg5 35. Qd8+ Kh6 36. Qf8+ 1/2-1/2